000 00692nam a2200217Ia 4500
003 OSt
005 20230331113813.0
008 210423s2017 xx 000 0 und d
020 _a978-0-00-824765-2
040 _cAL
041 _aeng
082 _a338.761
_223
_bNADH
100 _aNADELLA (Satya)
_980780
245 _aHit refresh: the quest to rediscover microsofts soul and imagine a better future for everyone
260 _aNew Delhi
_bHarper Collins
_c2017
300 _axiv,272
_bHB
365 _b599
_cINR
650 _aProduction Economics
_980781
906 _abetter ; everyone ; future ; Hit ; imagine ; microsofts ; quest ; rediscover ; refresh: ; soul
942 _2ddc
_cBK
999 _c168890
_d168890